[Event "7. Arber-Open Bodenmais 2018"]
[Site "Bodenmais"]
[Date "2018.07.29"]
[Round "2.23"]
[White "Kronschnabl, Matthias"]
[Black "Fauth, Dietmar"]
[Result "0-1"]
[WhiteElo "1751"]
[BlackElo "2112"]
[PlyCount "100"]
[EventDate "2018.??.??"]
[WhiteTeam "SC Bayerwald"]
[BlackTeam "M?nchener SC"]

1. d4 Nf6 2. Bf4 d5 3. e3 c5 4. c3 Nc6 5. Nd2 e6 6. Ngf3 Bd6 7. Bxd6 Qxd6 8.
Bd3 O-O 9. O-O e5 10. dxe5 Nxe5 11. Nxe5 Qxe5 12. Nf3 Qe7 13. Qc2 Bd7 14. Rad1
Bc6 15. Rfe1 b5 16. a3 g6 17. h3 Rfe8 18. b4 Rac8 19. Be2 Bd7 20. Bf1 a6 21.
Be2 Bf5 22. Bd3 Be4 23. Nd2 cxb4 24. axb4 Qe5 25. Rc1 Qf5 26. Nxe4 dxe4 27. Be2
Nd5 28. Bg4 Qe5 29. Bxc8 Rxc8 30. Qa2 Nxc3 31. Qb2 Rc4 32. Rc2 Qc7 33. Kf1 Na4
34. Rxc4 Qxc4+ 35. Qe2 Qxb4 36. Rc1 Nc3 37. Qd2 Qc4+ 38. Ke1 b4 39. Qd8+ Kg7
40. Qd4+ Qxd4 41. exd4 a5 42. Kd2 a4 43. Rc2 a3 44. Rc1 Nb5 45. Rd1 b3 46. Kc1
Nc3 47. Re1 b2+ 48. Kc2 b1=Q+ 49. Rxb1 Nxb1 50. Kxb1 Kf6 0-1

[Event "7. Arber-Open Bodenmais 2018"]
[Site "Bodenmais"]
[Date "2018.07.29"]
[Round "2.24"]
[White "Medunova, Vera"]
[Black "Kneutgen, Alexander"]
[Result "1/2-1/2"]
[WhiteElo "2101"]
[BlackElo "1933"]
[PlyCount "47"]
[EventDate "2018.??.??"]
[WhiteTeam "SK Rothenburg"]
[BlackTeam "SG Niederkassel"]

1. e4 e6 2. d4 d5 3. Nc3 h6 4. a3 dxe4 5. Nxe4 Bd7 6. Nf3 Bc6 7. Bd3 Nd7 8. Qe2
Ngf6 9. O-O Nxe4 10. Bxe4 Bxe4 11. Qxe4 c6 12. c4 Nf6 13. Qe2 Bd6 14. Ne5 O-O
15. Bd2 Qc7 16. f4 c5 17. Bc3 cxd4 18. Bxd4 Bc5 19. Bxc5 Qxc5+ 20. Kh1 Rad8 21.
Rad1 Qc7 22. h3 Rxd1 23. Rxd1 Rd8 24. b4 1/2-1/2

[Event "7. Arber-Open Bodenmais 2018"]
[Site "Bodenmais"]
[Date "2018.07.29"]
[Round "2.25"]
[White "Zametzer, Marcus"]
[Black "Schwenkreis, Thomas"]
[Result "1-0"]
[WhiteElo "1293"]
[BlackElo "2087"]
[PlyCount "71"]
[EventDate "2018.??.??"]
[WhiteTeam "SK Mangfalltal"]
[BlackTeam "SV Oberursel"]

1. e4 e5 2. Nf3 d6 3. d4 Nf6 4. Bd3 Be7 5. dxe5 dxe5 6. Nxe5 c6 7. Nc3 O-O 8.
Bf4 b5 9. a3 a6 10. g4 c5 11. g5 Nfd7 12. h4 Bb7 13. Qg4 Nxe5 14. Bxe5 Nc6 15.
Bf4 Nd4 16. O-O-O c4 17. Be2 Bc5 18. Kb1 Qe7 19. Bf3 f5 20. gxf6 Qxf6 21. Be3
Rad8 22. Bg2 Bc8 23. Qg5 Qb6 24. Nd5 Qa7 25. f4 Be6 26. Bxd4 Bxd4 27. Ne7+ Kh8
28. Nc6 Qb6 29. Nxd8 Rxd8 30. e5 Re8 31. Be4 Bc5 32. Qh5 g6 33. Bxg6 Re7 34. f5
Bg8 35. f6 Re6 36. Rd7 1-0

[Event "7. Arber-Open Bodenmais 2018"]
[Site "Bodenmais"]
[Date "2018.07.29"]
[Round "2.26"]
[White "Rieling, Thomas"]
[Black "Lehmann, Tim"]
[Result "1-0"]
[WhiteElo "2079"]
[BlackElo "1915"]
[PlyCount "63"]
[EventDate "2018.??.??"]
[WhiteTeam "SC Diogenes"]
[BlackTeam "SV Lahn Limburg"]

1. e4 c5 2. Nc3 Nc6 3. g3 g6 4. Bg2 Bg7 5. d3 d6 6. f4 e6 7. Nf3 Nge7 8. O-O
O-O 9. Be3 b6 10. d4 d5 11. exd5 Nf5 12. Bf2 Ncxd4 13. Ne5 exd5 14. Nxd5 Be6
15. c4 Rc8 16. Qa4 a5 17. Nc3 Bxe5 18. fxe5 Bd7 19. Qd1 Qe7 20. Nd5 Qxe5 21.
Re1 Qg7 22. g4 Nd6 23. Ne7+ Kh8 24. Nxc8 Rxc8 25. b3 h5 26. Bxd4 cxd4 27. gxh5
Nf5 28. Qg4 Rg8 29. hxg6 Qh6 30. Qh3 Nh4 31. Qxd7 Qxg6 32. Qxd4+ 1-0

[Event "7. Arber-Open Bodenmais 2018"]
[Site "Bodenmais"]
[Date "2018.07.29"]
[Round "2.27"]
[White "Pitica, Silviu Valentin"]
[Black "Desoye, Gernot"]
[Result "1-0"]
[WhiteElo "2149"]
[BlackElo "1767"]
[PlyCount "67"]
[EventDate "2018.??.??"]
[WhiteTeam "ITALIEN"]
[BlackTeam "SF Graz"]
[WhiteTeamCountry "ITA"]

1. e4 c5 2. Nf3 Nc6 3. Bb5 Nd4 4. Nxd4 cxd4 5. O-O g6 6. c3 Bg7 7. Re1 Qb6 8.
Na3 Nf6 9. e5 Nd5 10. Bc4 Nc7 11. Qe2 O-O 12. Nc2 dxc3 13. bxc3 Re8 14. Ba3 Ne6
15. d4 d6 16. exd6 exd6 17. Ne3 Qd8 18. Qf3 Rb8 19. Rab1 a6 20. Qg3 Bf8 21. h4
b5 22. Nf5 Rb6 23. Bb3 Kh8 24. Ne3 Rb7 25. Nd5 Ng7 26. Rxe8 Qxe8 27. Bxd6 Nf5
28. Be5+ Bg7 29. Qg5 Bxe5 30. dxe5 Be6 31. Nf6 Qf8 32. Bxe6 fxe6 33. Rd1 Rb8
34. Rd7 1-0

[Event "7. Arber-Open Bodenmais 2018"]
[Site "Bodenmais"]
[Date "2018.07.29"]
[Round "2.28"]
[White "Kissel, Ralf"]
[Black "Eizenhammer, Peter"]
[Result "1/2-1/2"]
[WhiteElo "1639"]
[BlackElo "2148"]
[PlyCount "71"]
[EventDate "2018.??.??"]
[WhiteTeam "SK Mannheim"]
[BlackTeam "SC Vilshofen"]

1. e4 d6 2. d4 Nf6 3. Nc3 Nbd7 4. Nf3 e5 5. Bc4 Be7 6. O-O O-O 7. b3 c6 8. a4
a5 9. Ba3 Nxe4 10. Nxe4 d5 11. Bxe7 Qxe7 12. Bxd5 cxd5 13. Nc3 e4 14. Re1 Qb4
15. Nxd5 Qd6 16. c4 exf3 17. Qxf3 Nf6 18. Nxf6+ Qxf6 19. Qxf6 gxf6 20. Re7 Bf5
21. Rae1 b6 22. R1e3 Rfd8 23. d5 Rac8 24. h3 Kf8 25. Rb7 Rb8 26. Rc7 Rdc8 27.
Ra7 Re8 28. Rf3 Bg6 29. Rxf6 Re7 30. Ra6 Reb7 31. Rf3 Ke7 32. Kf1 Kd6 33. Ke2
Re7+ 34. Kd2 Be4 35. Rf6+ Kc5 36. f3 1/2-1/2

[Event "7. Arber-Open Bodenmais 2018"]
[Site "Bodenmais"]
[Date "2018.07.29"]
[Round "2.29"]
[White "Kottmair, Toni"]
[Black "Glaser, Max"]
[Result "1/2-1/2"]
[WhiteElo "2126"]
[BlackElo "1812"]
[PlyCount "56"]
[EventDate "2018.??.??"]
[WhiteTeam "SK K?nigsbrunn"]
[BlackTeam "SC Furth Waldm?nchen"]

1. d4 Nf6 2. Nf3 e6 3. Bf4 b6 4. e3 Bb7 5. Nbd2 Be7 6. h3 O-O 7. Bd3 d5 8. O-O
Nbd7 9. Ne5 Nxe5 10. Bxe5 c5 11. c3 Rc8 12. Qe2 Bd6 13. Bxd6 Qxd6 14. f4 c4 15.
Bc2 b5 16. a3 a5 17. Nf3 b4 18. axb4 axb4 19. Ne5 Ra8 20. g4 bxc3 21. bxc3 Nd7
22. Rfb1 Bc6 23. Qd1 Nxe5 24. fxe5 Qd7 25. Rxa8 Rxa8 26. Ra1 Rb8 27. Rb1 Ra8
28. Ra1 Rb8 1/2-1/2

[Event "7. Arber-Open Bodenmais 2018"]
[Site "Bodenmais"]
[Date "2018.07.29"]
[Round "2.30"]
[White "Kolb, Wolfgang"]
[Black "Schmied, Eva-Maria"]
[Result "0-1"]
[WhiteElo "2047"]
[BlackElo "1559"]
[PlyCount "62"]
[EventDate "2018.??.??"]
[WhiteTeam "SK K?nigsbrunn"]
[BlackTeam "SC Mpoe Maria Saal"]

1. d4 Nf6 2. Nf3 g6 3. Bf4 Bg7 4. e3 O-O 5. Be2 d6 6. h3 b6 7. O-O Bb7 8. c3 c5
9. Nbd2 Nc6 10. a4 Qc7 11. Nb3 e5 12. Bh2 Nd7 13. dxe5 dxe5 14. Qc2 Rad8 15.
Nbd2 Na5 16. Rac1 c4 17. Nd4 Qc5 18. b4 cxb3 19. N4xb3 Nxb3 20. Nxb3 Qe7 21. a5
h5 22. axb6 Qg5 23. e4 Nxb6 24. Rfd1 Qe7 25. Na5 Ba8 26. c4 Rc8 27. Qb3 Qc5 28.
Qb5 Bxe4 29. Qxc5 Rxc5 30. Nb3 Rcc8 31. Ra1 Bc2 0-1

[Event "7. Arber-Open Bodenmais 2018"]
[Site "Bodenmais"]
[Date "2018.07.29"]
[Round "2.31"]
[White "Villani, Cristian"]
[Black "Merkl, Michael"]
[Result "1-0"]
[WhiteElo "2010"]
[BlackElo "1689"]
[PlyCount "127"]
[EventDate "2018.??.??"]
[WhiteTeam "SK Durlach"]
[BlackTeam "TSV K?sching"]

1. Nf3 Nf6 2. g3 g6 3. Bg2 Bg7 4. O-O O-O 5. d3 d6 6. e4 c5 7. Nbd2 Nc6 8. c3
Rb8 9. Re1 Qc7 10. Nf1 b5 11. a3 a5 12. d4 a4 13. e5 dxe5 14. Nxe5 Na5 15. Nd3
Rb6 16. Bf4 Qd8 17. Nxc5 Nd7 18. Nd3 Bb7 19. Bxb7 Rxb7 20. Qf3 Nb6 21. Nd2 Nd5
22. Nc5 Ra7 23. Be5 Bxe5 24. Rxe5 e6 25. Qe2 Qb6 26. Rb1 Qc6 27. h4 Nb7 28.
Nxb7 Rxb7 29. Re1 h5 30. Qf3 Kg7 31. Kg2 Qc8 32. Ne4 Rb6 33. Nc5 Nc7 34. Qe2
Qd8 35. f3 Qd6 36. Ne4 Qd7 37. Nc5 Qd6 38. Qe3 Nd5 39. Qe4 Nf6 40. Qf4 Nd5 41.
Qd2 Rd8 42. Qe2 Nc7 43. Ne4 Qd7 44. Ng5 Rf8 45. Nh3 Nd5 46. Qe4 Nf6 47. Qf4 Nd5
48. Qc1 Rc8 49. Nf4 Nxf4+ 50. Qxf4 Rd6 51. Qe4 Rd8 52. Rg5 Rd5 53. Rxd5 Qxd5
54. Qxd5 Rxd5 55. Re5 Kf6 56. Rxd5 exd5 57. g4 Ke6 58. Kg3 f6 59. Kf4 f5 60.
gxh5 gxh5 61. Kg5 f4 62. Kxh5 Kf5 63. Kh6 Kf6 64. h5 1-0

[Event "7. Arber-Open Bodenmais 2018"]
[Site "Bodenmais"]
[Date "2018.07.29"]
[Round "2.32"]
[White "Rier, Guenter"]
[Black "Fuchs, Florian"]
[Result "1/2-1/2"]
[WhiteElo "1930"]
[BlackElo "1621"]
[PlyCount "64"]
[EventDate "2018.??.??"]
[WhiteTeam "SV M?dling"]
[BlackTeam "DJK SF Haselbach"]

1. d4 Nf6 2. Nf3 e6 3. g3 c5 4. c4 cxd4 5. Nxd4 Nc6 6. Bg2 Bb4+ 7. Bd2 Qe7 8.
Nxc6 bxc6 9. O-O O-O 10. a3 Bxd2 11. Qxd2 Ba6 12. Rc1 Rac8 13. Qa5 Bb7 14. b4
a6 15. c5 Qd8 16. Qa4 a5 17. Nd2 axb4 18. axb4 Ra8 19. Qc2 Ba6 20. e4 d5 21.
exd5 exd5 22. Nf3 Nd7 23. Bh3 Re8 24. Re1 Bc4 25. Rxe8+ Qxe8 26. Re1 Qd8 27.
Qc3 Qf6 28. Qxf6 Nxf6 29. Nd4 Ra6 30. Bc8 Ra7 31. Bh3 Ra6 32. Bc8 Ra7 1/2-1/2

[Event "7. Arber-Open Bodenmais 2018"]
[Site "Bodenmais"]
[Date "2018.07.29"]
[Round "2.33"]
[White "Bergmann, Reiner"]
[Black "Benischek, Wolfgang"]
[Result "1/2-1/2"]
[WhiteElo "1808"]
[BlackElo "2122"]
[PlyCount "24"]
[EventDate "2018.??.??"]
[WhiteTeam "SC Bayerwald"]
[BlackTeam "SK Freising"]

1. e4 e5 2. Nf3 Nc6 3. d4 exd4 4. c3 d5 5. e5 dxc3 6. Nxc3 Bb4 7. Bd2 Bg4 8.
Bb5 Nge7 9. O-O O-O 10. Re1 Ng6 11. Bxc6 bxc6 12. h3 Bxf3 1/2-1/2

[Event "7. Arber-Open Bodenmais 2018"]
[Site "Bodenmais"]
[Date "2018.07.29"]
[Round "2.34"]
[White "Vennemann, Juergen"]
[Black "Heydt, Robert"]
[Result "1/2-1/2"]
[WhiteElo "1887"]
[BlackElo "1701"]
[PlyCount "74"]
[EventDate "2018.??.??"]
[WhiteTeam "SC Hersbruck"]
[BlackTeam "SK H?rbranz"]

1. d4 d5 2. c4 c6 3. cxd5 cxd5 4. Nf3 Nf6 5. Nc3 Nc6 6. Bf4 g6 7. e3 a6 8. Bd3
Bg7 9. h3 O-O 10. Rc1 e6 11. O-O Nh5 12. Bh2 Re8 13. g4 Nf6 14. Ne5 Nxe5 15.
Bxe5 Nd7 16. Bxg7 Kxg7 17. f4 Nb6 18. b3 Rh8 19. Qf3 f5 20. g5 h6 21. h4 Bd7
22. a4 Nc8 23. Nxd5 Bc6 24. Rxc6 bxc6 25. Nf6 Ne7 26. Rc1 Nd5 27. Rxc6 Nxf6 28.
Rxe6 Ra7 29. Rxf6 hxg5 30. hxg5 Qa5 31. Qe2 Qd5 32. Qg2 Qxb3 33. Rxg6+ Kxg6 34.
Qc6+ Kg7 35. Qf6+ Kg8 36. Qg6+ Kf8 37. Qf6+ Kg8 1/2-1/2

[Event "7. Arber-Open Bodenmais 2018"]
[Site "Bodenmais"]
[Date "2018.07.29"]
[Round "2.35"]
[White "Mittermaier, Johann"]
[Black "Malditz, Dieter"]
[Result "1-0"]
[WhiteElo "1696"]
[BlackElo "1878"]
[PlyCount "99"]
[EventDate "2018.??.??"]
[WhiteTeam "SV Deggendorf"]
[BlackTeam "SK Ludwigshafen"]

1. e4 c6 2. d4 d5 3. exd5 cxd5 4. Bd3 Nf6 5. c3 Nc6 6. Bf4 g6 7. Nd2 Bg7 8.
Ngf3 Nh5 9. Be3 O-O 10. Nf1 e5 11. dxe5 Nxe5 12. Be2 Nc4 13. Bc1 Re8 14. Ne3
Nxe3 15. Bxe3 Nf6 16. O-O Be6 17. Nd4 a6 18. Qb3 Qc7 19. Bf3 Rad8 20. Nxe6 Rxe6
21. Bd4 Ne4 22. Rad1 Bh6 23. Qc2 b5 24. a3 f5 25. Rfe1 Rc6 26. Qd3 Rc4 27. Be2
Rc6 28. Qh3 Bd2 29. f3 Bxe1 30. fxe4 dxe4 31. Rxe1 Re6 32. Bd1 Rxd4 33. cxd4
Re8 34. Bb3+ Kg7 35. Qc3 Qf4 36. d5+ Kh6 37. Qe3 Qxe3+ 38. Rxe3 f4 39. Rh3+ Kg5
40. Rxh7 Rc8 41. Kf2 Rc1 42. d6 e3+ 43. Kf3 Rf1+ 44. Ke2 Rf2+ 45. Ke1 Rxg2 46.
d7 Rg1+ 47. Ke2 Rg2+ 48. Kf3 Rf2+ 49. Ke4 Rd2 50. Bd5 1-0

[Event "7. Arber-Open Bodenmais 2018"]
[Site "Bodenmais"]
[Date "2018.07.29"]
[Round "2.36"]
[White "Froeschle, Andreas"]
[Black "Lehmann, Nils"]
[Result "1-0"]
[WhiteElo "1869"]
[BlackElo "1681"]
[PlyCount "45"]
[EventDate "2018.??.??"]
[WhiteTeam "SV Unterkochen"]
[BlackTeam "SV Lahn Limburg"]

1. e4 e5 2. Nf3 Nc6 3. c3 Nf6 4. d4 exd4 5. e5 Nd5 6. Qb3 Nb6 7. cxd4 d5 8. a3
a6 9. Bd3 Be7 10. O-O O-O 11. Bf4 f6 12. Bg3 fxe5 13. dxe5 Re8 14. Nbd2 Bf8 15.
Rac1 g6 16. Ne4 Bg7 17. Bh4 Qd7 18. Nf6+ Bxf6 19. Bxf6 Qg4 20. h3 Qf4 21. Qc2
Nd4 22. Nxd4 Qxd4 23. Bxg6 1-0

[Event "7. Arber-Open Bodenmais 2018"]
[Site "Bodenmais"]
[Date "2018.07.29"]
[Round "2.37"]
[White "Bartels, Christian"]
[Black "Simacek, Vaclav"]
[Result "0-1"]
[WhiteElo "1614"]
[BlackElo "1868"]
[PlyCount "54"]
[EventDate "2018.??.??"]
[WhiteTeam "Niederlande"]
[WhiteTeamCountry "NED"]

1. e4 e5 2. Nf3 d5 3. Nc3 d4 4. Nb1 Nc6 5. a3 Nf6 6. d3 Bd6 7. Bg5 h6 8. Bh4
Bg4 9. Be2 g5 10. Bg3 Qe7 11. h3 Be6 12. Nfd2 O-O-O 13. b3 h5 14. Nc4 g4 15. h4
Nd7 16. Nbd2 f5 17. Qb1 f4 18. Bh2 Qxh4 19. Nxd6+ cxd6 20. g3 Qg5 21. Rg1 h4
22. Qb2 hxg3 23. Bxg3 fxg3 24. fxg3 Rh2 25. Nf1 Rh7 26. Nd2 Qe3 27. Rg2 Rh1+
0-1

[Event "7. Arber-Open Bodenmais 2018"]
[Site "Bodenmais"]
[Date "2018.07.29"]
[Round "2.38"]
[White "Albrecht, Manuel"]
[Black "Schreiber, Egwin"]
[Result "1-0"]
[WhiteElo "1863"]
[BlackElo "1586"]
[PlyCount "43"]
[EventDate "2018.??.??"]
[WhiteTeam "SK Landau-Dingolfing"]
[BlackTeam "SV Deggendorf"]

1. e4 e5 2. Nf3 Nc6 3. Bb5 Nd4 4. Nxd4 exd4 5. d3 c6 6. Bc4 Bb4+ 7. c3 dxc3 8.
bxc3 Be7 9. Qf3 d5 10. exd5 cxd5 11. Bxd5 Nf6 12. Bxb7 Bxb7 13. Qxb7 O-O 14.
O-O Bc5 15. d4 Bd6 16. Qf3 Qc7 17. g3 Rfe8 18. Ba3 Rab8 19. Bxd6 Qxd6 20. Nd2
Rb2 21. Nc4 Reb8 22. Nxd6 1-0

[Event "7. Arber-Open Bodenmais 2018"]
[Site "Bodenmais"]
[Date "2018.07.29"]
[Round "2.39"]
[White "Steppuhn, Simone"]
[Black "Strahl, Christian"]
[Result "0-1"]
[WhiteElo "1570"]
[BlackElo "1861"]
[PlyCount "76"]
[EventDate "2018.??.??"]
[WhiteTeam "Br?hler SK"]
[BlackTeam "1.FC Marktleuthen"]

1. d4 f5 2. Nf3 Nf6 3. g3 g6 4. Bg2 Bg7 5. c4 O-O 6. O-O d6 7. Nc3 c6 8. Qc2
Qc7 9. e4 Nxe4 10. Nxe4 fxe4 11. Qxe4 Bf5 12. Qe2 Na6 13. a4 Rae8 14. Bf4 e5
15. dxe5 dxe5 16. Be3 b6 17. b4 c5 18. b5 Nb8 19. Rad1 Qc8 20. Qa2 Bg4 21. Rd6
Bxf3 22. Bxf3 Rxf3 23. Kg2 Rff8 24. a5 Qc7 25. Rfd1 Rd8 26. Rxd8 Rxd8 27. Rxd8+
Qxd8 28. axb6 axb6 29. Qa8 Bf6 30. h4 Nd7 31. Qd5+ Kg7 32. Bg5 Bxg5 33. hxg5
Qe7 34. Qe4 Qxg5 35. Kg1 Qe7 36. f4 Kf8 37. fxe5 Qxe5 38. Qf3+ Kg8 0-1

[Event "7. Arber-Open Bodenmais 2018"]
[Site "Bodenmais"]
[Date "2018.07.29"]
[Round "2.40"]
[White "Schreib, Marc"]
[Black "Thullen, Andre"]
[Result "1/2-1/2"]
[WhiteElo "1857"]
[BlackElo "1570"]
[PlyCount "42"]
[EventDate "2018.??.??"]
[WhiteTeam "SK Neuperlach"]
[BlackTeam "SV Urmitz"]

1. d4 c5 2. c3 Nc6 3. Nf3 d5 4. Bf4 Nf6 5. e3 e6 6. Bd3 Be7 7. Nbd2 Bd7 8. Ne5
O-O 9. h4 Ne8 10. Qh5 f5 11. Qe2 Nf6 12. Ndf3 Be8 13. Qc2 c4 14. Be2 Bh5 15.
Ng5 Bxe2 16. Nxe6 Bd3 17. Nxd3 cxd3 18. Qxd3 Qd7 19. Nxf8 Rxf8 20. Bg5 Ne4 21.
Bxe7 Qxe7 1/2-1/2

[Event "7. Arber-Open Bodenmais 2018"]
[Site "Bodenmais"]
[Date "2018.07.29"]
[Round "2.41"]
[White "Rempe, Jonas"]
[Black "Titze, Karsten"]
[Result "1-0"]
[WhiteElo "1567"]
[BlackElo "1852"]
[PlyCount "37"]
[EventDate "2018.??.??"]
[WhiteTeam "SK Doppelbauer Kiel"]
[BlackTeam "vereinslos"]

1. e4 Nf6 2. e5 Nd5 3. c4 Nb6 4. d4 d6 5. f4 g6 6. Nf3 Bf5 7. Nc3 Bg7 8. Be2
O-O 9. O-O N8d7 10. h3 f6 11. g4 Be6 12. d5 Bxg4 13. hxg4 fxe5 14. Ng5 Rxf4 15.
Bxf4 exf4 16. Ne6 Qc8 17. Nxg7 Kxg7 18. Qd4+ Kg8 19. Qxf4 1-0

[Event "7. Arber-Open Bodenmais 2018"]
[Site "Bodenmais"]
[Date "2018.07.29"]
[Round "2.42"]
[White "Horther-Schneider, Elsbeth"]
[Black "Gaedt, Mario"]
[Result "1-0"]
[WhiteElo "1839"]
[BlackElo "1506"]
[PlyCount "83"]
[EventDate "2018.??.??"]
[WhiteTeam "SC Windischeschenbach"]
[BlackTeam "SV Bergen"]

1. e4 e6 2. d4 c5 3. Nf3 cxd4 4. Nxd4 b6 5. Bf4 Bb7 6. Nb5 Na6 7. N1c3 Be7 8.
Nd6+ Bxd6 9. Bxd6 Nc7 10. Qd4 Nf6 11. Be2 Rc8 12. Bxc7 Rxc7 13. Nb5 O-O 14.
Nxc7 Qxc7 15. Bd3 Ng4 16. h3 Ne5 17. O-O Rd8 18. Rad1 d5 19. exd5 Rxd5 20. Qe3
Kh8 21. Be4 Nc4 22. Qg3 Qxg3 23. fxg3 Ne3 24. Bxd5 Bxd5 25. Rxd5 exd5 26. Rxf7
Kg8 27. Rc7 a5 28. c3 Nc4 29. b3 Nd6 30. c4 dxc4 31. bxc4 Ne4 32. g4 Nc5 33.
Kf2 h6 34. Ke3 Kh7 35. g3 Kg8 36. Rc6 Nd7 37. Kd4 Kf8 38. Kd5 Ke7 39. Re6+ Kd8
40. Rg6 Nf6+ 41. Kc6 Kc8 42. Rxg7 1-0

[Event "7. Arber-Open Bodenmais 2018"]
[Site "Bodenmais"]
[Date "2018.07.29"]
[Round "2.43"]
[White "Roesch, Felix"]
[Black "Brassat, Juergen"]
[Result "1/2-1/2"]
[WhiteElo "1523"]
[BlackElo "1839"]
[PlyCount "49"]
[EventDate "2018.??.??"]
[WhiteTeam "SV Urmitz"]
[BlackTeam "SC Bavaria Regensburg von 1881"]

1. e4 c5 2. Nc3 Nc6 3. Bb5 d6 4. Nf3 Bd7 5. d4 cxd4 6. Nxd4 g6 7. Be3 Bg7 8.
Qd2 a6 9. Nxc6 bxc6 10. Bc4 Qb8 11. Rb1 h6 12. O-O Nf6 13. f3 h5 14. Na4 c5 15.
Nc3 O-O 16. Bh6 Bb5 17. Bxg7 Kxg7 18. Qd3 Bxc4 19. Qxc4 Qb4 20. Qxb4 cxb4 21.
Nd5 Nxd5 22. exd5 Rac8 23. Rbc1 Rc5 24. Rfd1 Rfc8 25. Rd2 1/2-1/2

[Event "7. Arber-Open Bodenmais 2018"]
[Site "Bodenmais"]
[Date "2018.07.29"]
[Round "2.44"]
[White "Wudi, Tobias"]
[Black "Scheuerer, Werner"]
[Result "0-1"]
[WhiteElo "1491"]
[BlackElo "1828"]
[PlyCount "108"]
[EventDate "2018.??.??"]
[WhiteTeam "SC Bayerwald"]
[BlackTeam "SC Garching"]

1. e4 c5 2. Nf3 a6 3. d3 Nc6 4. Be3 d6 5. Be2 g6 6. c3 Bg7 7. d4 cxd4 8. cxd4
Nf6 9. Nc3 Ng4 10. Qd2 Nxe3 11. Qxe3 Qb6 12. O-O-O O-O 13. Nd5 Qa5 14. a3 e6
15. Nc3 b5 16. d5 b4 17. Na2 exd5 18. exd5 bxa3 19. Qxa3 Bh6+ 20. Kb1 Bf5+ 21.
Bd3 Qxd5 22. Bxf5 Qxf5+ 23. Qd3 Qxd3+ 24. Rxd3 Rfd8 25. Rhd1 Bf8 26. Nc3 Nb4
27. R3d2 f5 28. Nd4 Kf7 29. f4 Re8 30. Re2 Rxe2 31. Ncxe2 Re8 32. Rd2 Re4 33.
Nf3 h6 34. b3 Ke7 35. Kb2 Nc6 36. g3 Kf6 37. Nc3 Re8 38. Nd5+ Kf7 39. Nb6 Re3
40. Nh4 Na5 41. Nc8 Rxb3+ 42. Kc2 Ke6 43. Nxg6 Kf7 44. Nxf8 Kxf8 45. Nxd6 Rb6
46. Nxf5 Rc6+ 47. Kd1 Nc4 48. Rc2 a5 49. Kc1 a4 50. Kb1 Na3+ 51. Kb2 Nxc2 52.
Nxh6 a3+ 53. Kb3 Rb6+ 54. Ka2 Rb2# 0-1

[Event "7. Arber-Open Bodenmais 2018"]
[Site "Bodenmais"]
[Date "2018.07.29"]
[Round "2.45"]
[White "Wunderlich, Matthias"]
[Black "Tiggemann, Felix"]
[Result "1-0"]
[WhiteElo "1826"]
[BlackElo "1490"]
[PlyCount "55"]
[EventDate "2018.??.??"]
[WhiteTeam "BSV-KW J?nschwalde"]
[BlackTeam "SF Sch?neck"]

1. Nc3 d5 2. e4 d4 3. Nce2 e5 4. Ng3 Bd6 5. Bc4 c5 6. Nf3 Nf6 7. O-O O-O 8. d3
Nc6 9. Nh4 Nxe4 10. Nxe4 Qxh4 11. Nxd6 a6 12. Qf3 Na5 13. Bd5 Rb8 14. Nxf7 Qe7
15. Ng5+ Kh8 16. Qh5 Bf5 17. Nf7+ Kg8 18. Nh6+ Kh8 19. Nxf5 Qd7 20. Nh4 Qxd5
21. Ng6+ Kg8 22. Ne7+ Kh8 23. Nxd5 Rfe8 24. Bd2 Nc6 25. Rae1 b5 26. f4 exf4 27.
Qxe8+ Rxe8 28. Rxe8# 1-0

[Event "7. Arber-Open Bodenmais 2018"]
[Site "Bodenmais"]
[Date "2018.07.29"]
[Round "2.46"]
[White "Hedzic, Omer"]
[Black "Wacker, Andreas"]
[Result "0-1"]
[WhiteElo "1470"]
[BlackElo "1824"]
[PlyCount "110"]
[EventDate "2018.??.??"]
[WhiteTeam "SC Bayerwald"]
[BlackTeam "SC Lambsheim"]

1. c4 e5 2. e3 Bc5 3. Nc3 Nf6 4. g3 c6 5. Bg2 d6 6. a3 Be6 7. b4 Bb6 8. Nge2
Bxc4 9. Bb2 Nbd7 10. Rc1 Be6 11. O-O Bc7 12. d4 d5 13. Na4 exd4 14. Bxd4 Nb6
15. Nc5 Bc8 16. f3 Qe7 17. Qc2 O-O 18. Rce1 Nc4 19. Qc3 b6 20. Na4 Re8 21. Nc1
Be5 22. e4 Ba6 23. exd5 Nxd5 24. Qa1 Bxd4+ 25. Qxd4 Qxe1 26. Rxe1 Rxe1+ 27. Kf2
Rxc1 28. g4 Bb5 29. Nb2 Rc2+ 30. Kg3 Rxb2 31. h4 Rd2 32. Qa1 Nce3 33. Bh3 Rd1
34. Qa2 Bf1 35. h5 Bxh3 36. Kxh3 Rh1+ 37. Kg3 h6 38. f4 Rg1+ 39. Kf3 Rf1+ 40.
Kg3 Rxf4 41. b5 Rxg4+ 42. Kf3 c5 43. a4 f5 44. a5 f4 45. a6 Rg3+ 46. Ke4 Re8+
47. Kd3 Nd1+ 48. Kc4 Re5 49. Qa1 Rc3+ 50. Qxc3 N1xc3 51. Kd3 f3 52. Kc4 f2 53.
Kd3 f1=Q+ 54. Kc2 Qb1+ 55. Kd2 Re2# 0-1

[Event "7. Arber-Open Bodenmais 2018"]
[Site "Bodenmais"]
[Date "2018.07.29"]
[Round "2.47"]
[White "Schmitz, Tim"]
[Black "Hildebrand, Georg"]
[Result "1/2-1/2"]
[WhiteElo "1821"]
[BlackElo "1462"]
[PlyCount "81"]
[EventDate "2018.??.??"]
[WhiteTeam "SC Sendling"]
[BlackTeam "SK Marburg"]

1. e4 b6 2. d4 Bb7 3. Bd3 e6 4. Nf3 Be7 5. Nc3 d6 6. O-O Nd7 7. Qe2 a6 8. Re1
c5 9. dxc5 Nxc5 10. Bf4 Nxd3 11. cxd3 h6 12. d4 g5 13. Be3 g4 14. Nd2 h5 15. d5
e5 16. a4 Bg5 17. Nc4 Bxe3 18. Qxe3 Rb8 19. Qxb6 Qxb6 20. Nxb6 Ne7 21. Rac1 Nc8
22. Nc4 O-O 23. Re3 f5 24. f3 f4 25. Re2 Rf6 26. a5 Rg6 27. Kh1 Ba8 28. Na4 Na7
29. Ncb6 Nb5 30. Rc8+ Rxc8 31. Nxc8 Rg7 32. Ncb6 Bb7 33. Nc3 Nd4 34. Rf2 g3 35.
hxg3 fxg3 36. Rf1 h4 37. Kg1 Rc7 38. Nba4 Bc8 39. f4 h3 40. fxe5 h2+ 41. Kh1
1/2-1/2

[Event "7. Arber-Open Bodenmais 2018"]
[Site "Bodenmais"]
[Date "2018.07.29"]
[Round "2.48"]
[White "Hoffmann, Steffen"]
[Black "Tober, Julian"]
[Result "0-1"]
[WhiteElo "1417"]
[BlackElo "1820"]
[PlyCount "54"]
[EventDate "2018.??.??"]
[WhiteTeam "SC NT N?rnberg"]
[BlackTeam "SV Unser Fritz"]

1. d4 Nf6 2. Bf4 g6 3. e3 Bg7 4. Nf3 O-O 5. Nbd2 c5 6. c3 cxd4 7. exd4 d5 8.
Bxb8 Rxb8 9. Qa4 a6 10. Bd3 b5 11. Qc2 Bg4 12. Ne5 Qd6 13. h3 Bc8 14. O-O-O Nh5
15. Ndf3 Nf4 16. g4 f6 17. Bxg6 Nxg6 18. Nxg6 hxg6 19. Nh4 f5 20. f3 b4 21. Qd2
bxc3 22. Qxc3 fxg4 23. hxg4 Bxg4 24. Qd3 Rbc8+ 25. Kb1 Rxf3 26. Qxg6 Qxg6+ 27.
Nxg6 Bf5+ 0-1

[Event "7. Arber-Open Bodenmais 2018"]
[Site "Bodenmais"]
[Date "2018.07.29"]
[Round "2.49"]
[White "Neumann, Lutz"]
[Black "Krejci, Vera Marie"]
[Result "1-0"]
[WhiteElo "1815"]
[BlackElo "1438"]
[PlyCount "119"]
[EventDate "2018.??.??"]
[WhiteTeam "BSV Ehrenfriedersdorf"]
[BlackTeam "SK Rothenburg"]

1. e4 e6 2. d4 d5 3. exd5 exd5 4. Bd3 Bd6 5. Ne2 Ne7 6. c3 O-O 7. O-O Bf5 8.
Bf4 Bxd3 9. Qxd3 c6 10. Bxd6 Qxd6 11. Nd2 Nd7 12. Nf3 Ng6 13. Qf5 Nf6 14. Ng3
Rfe8 15. Rfe1 Rad8 16. Ne5 Nf8 17. Re2 N8d7 18. Rae1 Re7 19. Qg5 g6 20. Nf5 h6
21. Nxe7+ Qxe7 22. Qxh6 Nxe5 23. Rxe5 Qd7 24. Qf4 Kg7 25. Re7 Qc8 26. Qc7 Qxc7
27. Rxc7 Rb8 28. Ree7 Rf8 29. Rxb7 Ne4 30. Rxa7 Nd6 31. Rac7 Rb8 32. Re2 Nc4
33. b3 Nd6 34. Rxc6 Ne4 35. f3 Nf6 36. Kf2 Nh5 37. Rb2 Nf4 38. Rd2 Re8 39. a4
Rb8 40. b4 Ra8 41. a5 Ne6 42. Ra2 Kf6 43. a6 Ke7 44. a7 Kd7 45. Rxe6 fxe6 46.
Kg3 Kc6 47. Ra5 Kd7 48. Kf4 Ke7 49. Ke5 g5 50. b5 Kd7 51. Ra6 Kc7 52. Kxe6 Re8+
53. Kxd5 Rd8+ 54. Kc5 Ra8 55. d5 Kb7 56. d6 Kc8 57. Kc6 Kd8 58. b6 Kc8 59. b7+
Kd8 60. bxa8=Q# 1-0